| 000 | 00826ngm a22002770a 4500 | ||
|---|---|---|---|
| 001 | PT18493 | ||
| 003 | AR-LpoUNG | ||
| 005 | 20210201232402.0 | ||
| 007 | co ||u|||uuuuu | ||
| 008 | 191001ss. f||||ag |||||||||||||||||spa d | ||
| 040 |
_aAR-LpoUNG _bspa _cAR-LpoUNG _eaacr |
||
| 041 | _aspa | ||
| 044 | _aag | ||
| 082 | 0 | _a982.061 346arc | |
| 245 | 1 | 0 |
_aArchivo testimonio 1930 - 1960 : _bdocumentos históricos sobre Argentina ante el nazismo y el fascismo |
| 260 |
_aBuenos Aires : _bDAIA - CES, _cs. f.. |
||
| 650 | 4 | _aANTISEMITISMO | |
| 650 | 4 | _aARGENTINA | |
| 650 | 4 | _aHISTORIA | |
| 650 | 4 | _aHISTORIA POLITICA | |
| 650 | 4 | _aHISTORIA SOCIAL | |
| 651 | 4 | _aArgentina | |
| 710 | 2 | _aDelegación de Asociaciones Israelitas Argentinas (Buenos Aires). Centro de Estudios Sociales | |
| 905 | _a18493 | ||
| 942 | _cCDDVD | ||
| 999 |
_c53546 _d53546 |
||